01607nam a2200481 i 450000100060000000300090000600500170001500800390003201500190007102000150009003500230010503500360012803500140016403500210017803500230019903500440022204000280026604600090029408000100030308000100031308000120032310000260033524500720036125000120043326000590044530000630050433600270056733700540059433800280064838000160067638000280069238500390072038800140075938800140077338800140078750400240080152100590082565000220088465500470090670000300095371000440098385600980102733919KOSZ 00520200729144134.0980731s1998 pl a f |000 0 pol aUWD 1998/10218 a8302028673 a991005382549705066 a(PL-WaBN)b11407748-48omnis_nlop ab11407748 a(OCoLC)751259186 a(PL)b0000001140774 a(EXLNZ-48OMNIS_NETWORK)9910052497005606 aWA NcWA NdKOSZ 005/HR k1986 a613.2 a612.3 a(075.3)1 aFlis, KrystynaeAutor10aPodstawy żywienia człowieka /cKrystyna Flis, Wanda Konaszewska. aWyd. 7. aWarszawa :bWydawnictwa Szkolne i Pedagogiczne,c1998. a228, [16] s. , [1] tabl. złoż. :brys., wykr. ;c21 cm. aTekstbtxt2rdacontent aBez urządzenia pośredniczącegobn2rdamedia aWoluminbnc2rdacarrier aKsiążki aPub;likacje dydaktyczne mPoziom nauczaniaaSzkoły zawodowe a1901-2000 a1945-1989 a1989-2000 aBibliogr. s. [314]. aDla kl. I i II szkoły zasadniczej, zawód - kucharz. 7aOdżywianie2DBN 7aPodręczniki dla szkół zawodowych2DBN1 aKonaszewska, WandaeAutor2 aWydawnictwa Szkolne i Pedagogiczne4pbl uhttp://koha.tu.koszalin.pl/cgi-bin/koha/opac-detail.pl?biblionumber=33919yKatalog online BPK